Maréchaux de la Grande Guerre - Statistiques

Statistiques générales
  • Ce quiz a été pris 172 fois
  • Le résultat moyen est 4 sur 8
Statistiques - réponses
Date Réponse % Correct
1918 Philippe Pétain
96%
1916 Ferdinand Foch
87%
1916 Joseph Joffre
81%
1921 (posthume) Joseph Gallieni
48%
1921 Hubert Lyautey
33%
1921 Louis Franchet d'Espèrey
27%
1921 Émile Fayolle
15%
1923 (posthume) Michel Maunoury
12%
Aucun quiz correspondant
Distribution des résultats
% des personnes avec chaque résultat
Percentile par nombre de réponses
Votre historique - résultats
Vous n’avez pas pris ce quiz